Bài tập kiểm toán tài chính

Gorde:
Xehetasun bibliografikoak
Egile nagusia: Không rõ
Formatua: Liburua
Hizkuntza:Vietnamese
Argitaratua: ĐNA 2009
Etiketak: Etiketa erantsi
Etiketarik gabe, Izan zaitez lehena erregistro honi etiketa jartzen!
Thư viện lưu trữ: Mạng thư viện Đại học Đà Nẵng
LEADER 00619nam a2200277 4500
001 000025983
003 1522
005 20150325120000.0
008 150325s vm 000 vie
020 |c 30000,0000 
040 |a NOTTS 
100 |a Không rõ 
245 |a Bài tập kiểm toán tài chính 
260 |b ĐNA  |c 2009 
300 |a 191tr. ; 
OWN |a LTT 
999 |a From the UDN01 
TYP |a Monograph 
TYP |a Printed language 
980 |a Mạng thư viện Đại học Đà Nẵng